Tous les villages finissant en -heim d'Alsace - Statistiques

Statistiques générales
  • Ce quiz a été pris 210 fois
  • Le résultat moyen est 23 sur 243
Statistiques - réponses
Réponse % Correct
Molsheim
48%
Schiltigheim
45%
Bischheim
40%
Lingolsheim
38%
Hœnheim
35%
Niederschaeffolsheim
35%
Vendenheim
32%
Souffelweyersheim
30%
Geispolsheim
29%
Wittenheim
28%
Fessenheim
27%
Entzheim
26%
Mundolsheim
26%
Oberschaeffolsheim
26%
Truchtersheim
26%
Bergheim
25%
Marckolsheim
25%
Eckbolsheim
24%
Eguisheim
23%
Fegersheim
23%
Marlenheim
23%
Soufflenheim
23%
Gambsheim
22%
Rixheim
22%
Rosheim
22%
Ensisheim
21%
Lampertheim
20%
Plobsheim
20%
Turckheim
20%
Weyersheim
20%
Achenheim
19%
Drusenheim
19%
Mittelschaeffolsheim
19%
Wolfisheim
19%
Dorlisheim
18%
Herrlisheim
18%
Kintzheim
18%
Mommenheim
18%
Roppenheim
18%
Wittelsheim
18%
Kingersheim
17%
Krautergersheim
16%
Wintzenheim
16%
Andolsheim
15%
Bartenheim
15%
Bischoffsheim
15%
Ittenheim
15%
Duttlenheim
14%
Ebersheim
14%
Hilsenheim
14%
Kogenheim
14%
Matzenheim
14%
Ottmarsheim
14%
Sausheim
14%
Baldenheim
13%
Habsheim
13%
Huttenheim
13%
Lipsheim
13%
Schwindratzheim
13%
Wittisheim
13%
Boofzheim
12%
Riedisheim
12%
Zillisheim
12%
Altenheim
11%
Artolsheim
11%
Beblenheim
11%
Beinheim
11%
Duppigheim
11%
Furdenheim
11%
Gerstheim
11%
Uttenheim
11%
Bernolsheim
10%
Bindernheim
10%
Dingsheim
10%
Holtzheim
10%
Kientzheim
10%
Meyenheim
10%
Niederhergheim
10%
Pfaffenheim
10%
Sessenheim
10%
Wettolsheim
10%
Witternheim
10%
Artzenheim
9%
Bantzenheim
9%
Biesheim
9%
Blaesheim
9%
Blotzheim
9%
Eckwersheim
9%
Hindisheim
9%
Ingersheim
9%
Innenheim
9%
Issenheim
9%
Kunheim
9%
Merxheim
9%
Mittelbergheim
9%
Obenheim
9%
Pfulgriesheim
9%
Quatzenheim
9%
Saasenheim
9%
Scharrachbergheim
9%
Schnersheim
9%
Ungersheim
9%
Willgottheim
9%
Avolsheim
8%
Oberhergheim
8%
Ohnenheim
8%
Pulversheim
8%
Saessolsheim
8%
Waltenheim
8%
Wiwersheim
8%
Baldersheim
7%
Battenheim
7%
Breuschwickersheim
7%
Diebolsheim
7%
Dinsheim
7%
Duntzenheim
7%
Friesenheim
7%
Limersheim
7%
Mackenheim
7%
Nordheim
7%
Reguisheim
7%
Stutzheim
7%
Algolsheim
6%
Bolsenheim
6%
Bourgheim
6%
Dahlenheim
6%
Dangolsheim
6%
Didenheim
6%
Geudertheim
6%
Gougenheim
6%
Hégenheim
6%
Herbsheim
6%
Hurtigheim
6%
Jebsheim
6%
Kirchheim
6%
Landersheim
6%
Meistratzheim
6%
Offenheim
6%
Pfettisheim
6%
Raedersheim
6%
Rountzenheim
6%
Ruelisheim
6%
Rumersheim
6%
Schaeffersheim
6%
Schwobsheim
6%
Stotzheim
6%
Volgelsheim
6%
Wingersheim
6%
Zimmersheim
6%
Auenheim
5%
Avenheim
5%
Blodelsheim
5%
Bootzheim
5%
Dessenheim
5%
Donnenheim
5%
Elsenheim
5%
Griesheim-près-Molsheim
5%
Griesheim-sur-Souffel
5%
Grussenheim
5%
Hessenheim
5%
Hipsheim
5%
Ichtratzheim
5%
Kleinfrankenheim
5%
Logelheim
5%
Muntzenheim
5%
Nambsheim
5%
Olwisheim
5%
Ostheim
5%
Richtolsheim
5%
Sentheim
5%
Sermersheim
5%
Sigolsheim
5%
Wilwisheim
5%
Wuenheim
5%
Berstheim
4%
Biblisheim
4%
Bilwisheim
4%
Dossenheim-sur-Zinsel
4%
Ergersheim
4%
Ernolsheim-Bruche
4%
Guewenheim
4%
Gundolsheim
4%
Kienheim
4%
Kuttolsheim
4%
Leutenheim
4%
Maennolsheim
4%
Urschenheim
4%
Wahlenheim
4%
Wittersheim
4%
Wolxheim
4%
Bietlenheim
3%
Biltzheim
3%
Brinckheim
3%
Dossenheim-Kochersberg
3%
Ernolsheim-lès-Saverne
3%
Fessenheim-le-Bas
3%
Friedolsheim
3%
Heidolsheim
3%
Imbsheim
3%
Ingenheim
3%
Ittlenheim
3%
Kolbsheim
3%
Kriegsheim
3%
Littenheim
3%
Melsheim
3%
Mietesheim
3%
Minversheim
3%
Neugartheim
3%
Obersaasheim
3%
Odratzheim
3%
Printzheim
3%
Rottelsheim
3%
Siltzheim
3%
Tagolsheim
3%
Traenheim
3%
Uffheim
3%
Waldolwisheim
3%
Walheim
3%
Weckolsheim
3%
Wickersheim
3%
Wolschheim
3%
Zeinheim
3%
Zittersheim
3%
Baltzenheim
2%
Gingsheim
2%
Gottesheim
2%
Handschuhheim
2%
Herrlisheim-près-Colmar
2%
Hohfrankenheim
2%
Kauffenheim
2%
Scherlenheim
2%
Wœllenheim
2%
Behlenheim
1%
Forstheim
1%
Herbitzheim
1%
Hohatzenheim
1%
Ingolsheim
1%
Knœrsheim
1%
Rumersheim-le-Haut
1%
Schweinheim
1%
Waltenheim-sur-Zorn
1%
Wintzenheim-Kochersberg
1%
Wasselonne
0%
Aucun quiz correspondant
Distribution des résultats
% des personnes avec chaque résultat
Percentile par nombre de réponses
Votre historique - résultats
Vous n’avez pas pris ce quiz